=LDR 00000nam 2200000 4500 =001 000422 =005 20250710034520 =035 ##$$a 0010-0725000284 =007 ta =008 250710################a##########0#ind## =020 ##$$a 978-623-118-881-6 =082 ##$$a 398.209 598 =084 ##$$a 398.209 598 ROS t =100 #$$a Ross, Widya =245 1#$$a Tugas Penting Reno /$c Widya Ross =250 ##$$a Cetakan Pertama =260 ##$$a Jakarta Timur :$b Kementerian Pendidikan, Kebudayaan, Riset, dan Teknologi,$c 2022 =300 ##$$a 36 hlm : $b ilus. ; $c 29,7 cm =650 #4$$a Cerita Bergambar =600 #4$$a Cerita anak-Indonesia =856 ##$$a TBM AS SUHADA =990 ##$$a TBM01460146 =990 ##$$a TBM01480148